Executive EQ : Emotional intelligence in leadership and orga (Record no. 13576)
[ view plain ]
| 000 -LEADER | |
|---|---|
| fixed length control field | 00457nam a2200169Ia 4500 |
| 001 - CONTROL NUMBER | |
| control field | 12843 |
| 008 - FIXED-LENGTH DATA ELEMENTS--GENERAL INFORMATION | |
| fixed length control field | 140401s9999 xx 000 0 und d |
| 020 ## - INTERNATIONAL STANDARD BOOK NUMBER | |
| International Standard Book Number | 0-399-14294-0 |
| 040 ## - CATALOGING SOURCE | |
| Transcribing agency | PK-LaUMT |
| 082 ## - DEWEY DECIMAL CLASSIFICATION NUMBER | |
| Classification number | 658.409 |
| Item number | COO-E |
| 100 ## - MAIN ENTRY--PERSONAL NAME | |
| Personal name | Cooper, Robert K. |
| 245 ## - TITLE STATEMENT | |
| Title | Executive EQ : Emotional intelligence in leadership and orga |
| Statement of responsibility, etc | Cooper, Robert K.<>Sawaf, Ayman, J.T. |
| 260 ## - PUBLICATION, DISTRIBUTION, ETC. (IMPRINT) | |
| Date of publication, distribution, etc | 1996 |
| 546 ## - LANGUAGE NOTE | |
| Language note | EN |
| 700 ## - ADDED ENTRY--PERSONAL NAME | |
| Personal name | Sawaf, Ayman, J.T. |
| 942 ## - ADDED ENTRY ELEMENTS (KOHA) | |
| Koha item type | Books |
| Withdrawn status | Lost status | Damaged status | Not for loan | Home library | Current library | Date acquired | Total Checkouts | Full call number | Barcode | Date last seen | Date checked out | Price effective from | Koha item type |
|---|---|---|---|---|---|---|---|---|---|---|---|---|---|
| UMT Main Campus | UMT Main Campus | 2014-04-01 | 1 | 658.409 COO-E | 14382 | 2017-05-02 | 2017-04-19 | 2014-04-21 | Books |
